000
00329nam a2200133Ia 4500
008
240624s9999 xx 000 0 und d
041
_a
eng
082
_a
658.15 KHA
100
_a
KHAN M Y
245
_a
FINANCIAL SERVICES
250
_a
(7th ed.)
260
_c
2013
_a
New Delhi
_b
McGraw-Hill
300
_a
xxi, : 706 : p. : cm. ; 22
999
_c
22824
_d
22824